COMPUTER AIDED DRUG DISCOVERY AND DESIGN (Record no. 34496)

MARC details
000 -LEADER
fixed length control field 00310nam a22001337a 4500
003 - CONTROL NUMBER IDENTIFIER
control field SGT
020 ## - INTERNATIONAL STANDARD BOOK NUMBER
International Standard Book Number 9788887400204
082 ## - DEWEY DECIMAL CLASSIFICATION NUMBER
Classification number 615.190
Item number LAM
100 ## - MAIN ENTRY--PERSONAL NAME
Personal name LAMBERT HOLLY
245 ## - TITLE STATEMENT
Title COMPUTER AIDED DRUG DISCOVERY AND DESIGN
260 ## - PUBLICATION, DISTRIBUTION, ETC. (IMPRINT)
Place of publication, distribution, etc USA
Name of publisher, distributor, etc AMERICAN MED PUB
Year of Publication 2022
300 ## - PAGE DESCRIPTION
No. of Pages 229
942 ## - ADDED ENTRY ELEMENTS (KOHA)
Source of classification or shelving scheme Dewey Decimal Classification
Koha item type Books
Holdings
Withdrawn status Lost status Source of classification or shelving scheme Damaged status Not for loan Collection code Home library Current library Shelving location Date acquired Vendor Name SGTU Bill Number Total Checkouts Full call number Accession No. (Barcode) Date last seen Bill Date Koha item type
    Dewey Decimal Classification   Not For Loan SCIENCE SGT Science & Social Sciences Library SGT Science & Social Sciences Library Reference Book 26/03/2026 ABC SGTU 22597   615.190 LAM DP2037 26/03/2026 09/03/2026 Books